000 00550nam a22001697a 4500
999 _c8424
_d8424
008 201124b ||||| |||| 00| 0 eng d
040 _aBMS College of Architecture
100 _aChouhan, Ankita
245 _aRevitalizing the lost heritage of narsinghgarh Madhya Pradesh
300 _aNA
500 _a1BM14AT009
502 _8B,Arch
_NBMS College of Architecture, Visvesvaraya Technological University
_aProject report
_d2018
650 _aHeritage
700 _aSreedhar K Morab
_eGuide
700 _aShantesh Kelvekar
_eGuide
942 _2ddc
_cTHE